Economic of non-metallic materials in the Slovak Republic in the European context

Guardado en:
Detalles Bibliográficos
Autor principal: Muchová, Mária
Otros Autores: Domaracká, Lucia, Štrba, Ľubomír, Kršák, Branislav, Adamkovič, Jaroslav
Formato: Capítulo de libro
Lenguaje:inglés
Etiquetas: Agregar Etiqueta
Sin Etiquetas, Sea el primero en etiquetar este registro!

MARC

LEADER 00000naa$a2200000$$$4500
001 0234270
005 20240502083624.6
041 0 |a eng 
044 |a NL 
245 1 0 |a Economic of non-metallic materials in the Slovak Republic in the European context  |c Mária Muchová, Lucia Domaracká, Ľubomír Štrba, Branislav Kršák, Jaroslav Adamkovič 
100 1 |a Muchová, Mária 
700 1 |a Domaracká, Lucia 
700 1 |a Štrba, Ľubomír 
700 1 |a Kršák, Branislav 
700 1 |a Adamkovič, Jaroslav